Psicología de la liberación / (Record no. 15344)

MARC details
000 -LEADER
campo de control de longitud fija 01062nam a2200289 i 4500
001 - NÚMERO DE CONTROL
campo de control 15344
003 - IDENTIFICADOR DE NÚMERO DE CONTROL
campo de control ES-MaACL
005 - FECHA Y HORA DE LA ÚLTIMA TRANSACCIÓN
campo de control 20250830053812.0
007 - CAMPO FIJO DE DESCRIPCIÓN FÍSICA--INFORMACIÓN GENERAL
campo de control de longitud fija t|
008 - DATOS DE LONGITUD FIJA--INFORMACIÓN GENERAL
campo de control de longitud fija 000215s1998 sp ||||0| spa j
020 ## - NÚMERO INTERNACIONAL ESTÁNDAR DEL LIBRO
Número Internacional Estándar del Libro 84-8164-273-8
040 ## - FUENTE DE CATALOGACIÓN
Centro catalogador/agencia de origen M-BN-DP
Lengua de catalogación spa
Centro/agencia transcriptor M-BN-DP
080 ## - NÚMERO DE LA CLASIFICACIÓN DECIMAL UNIVERSAL
Número de la Clasificación Decimal Universal 316.6
080 ## - NÚMERO DE LA CLASIFICACIÓN DECIMAL UNIVERSAL
Número de la Clasificación Decimal Universal 261.625
100 1# - ENTRADA PRINCIPAL--NOMBRE DE PERSONA
Nombre de persona Martín Baró, Ignacio.
9 (RLIN) 77408
245 10 - MENCIÓN DEL TÍTULO
Título Psicología de la liberación /
Mención de responsabilidad, etc. Ignacio Martín-Baró ; edición, introducción y notas de Amalio Blanco ; epílogo de Noam Chomsky.
260 ## - PUBLICACIÓN, DISTRIBUCIÓN, ETC.
Lugar de publicación, distribución, etc. Madrid :
Nombre del editor, distribuidor, etc. Trotta,
Fecha de publicación, distribución, etc. [1998]
300 ## - DESCRIPCIÓN FÍSICA
Extensión 374 p. ;
Dimensiones 23 cm.
490 1# - MENCIÓN DE SERIE
Mención de serie Colección Estructuras y procesos. Serie Pensamiento, psicopatología y psiquiatría
650 17 - PUNTO DE ACCESO ADICIONAL DE MATERIA--TÉRMINO DE MATERIA
Término de materia o nombre geográfico como elemento de entrada Psicología social
Fuente del encabezamiento o término embne
9 (RLIN) 16573
650 17 - PUNTO DE ACCESO ADICIONAL DE MATERIA--TÉRMINO DE MATERIA
Término de materia o nombre geográfico como elemento de entrada Teología de la liberación
Fuente del encabezamiento o término embne
9 (RLIN) 17466
700 1# - ENTRADA AGREGADA--NOMBRE PERSONAL
Nombre de persona Blanco Abarca, Amalio.
9 (RLIN) 29213
700 1# - ENTRADA AGREGADA--NOMBRE PERSONAL
Nombre de persona Chomsky, Noam,
Fechas asociadas al nombre 1928-
9 (RLIN) 38607
830 00 - PUNTO DE ACCESO ADICIONAL DE SERIE-TÍTULO UNIFORME
Título uniforme Estructuras y procesos.
Nombre de parte o sección de la obra Pensamiento, psicopatología y psiquiatría
9 (RLIN) 179752
852 ## - LOCALIZACIÓN
Ubicación ES-MaACL
Número de control de estantería L-22631
Sublocalización o colección R.127843
Holdings
Estatus retirado Estado de pérdida Estado de daño No para préstamo Biblioteca de origen Biblioteca actual Ubicación en estantería Fecha de adquisición Fuente de adquisición Total de préstamos Signatura topográfica completa Código de barras Visto por última vez Precio de reemplazo Tipo de ítem Koha
        Biblioteca del Ateneo de Madrid Biblioteca del Ateneo de Madrid Depósito 2 17/01/2008     L-22631 1015601 23/02/2023 23/02/2023 Libro impreso